| 000 | 01101cad a22002055a 4500 | ||
|---|---|---|---|
| 001 | L150382 | ||
| 008 | 100707e2010 xxk 000 0 eng d | ||
| 035 | _a(Sirsi) u150382 | ||
| 041 | 0 | _aeng | |
| 245 | 0 | 0 |
_aK/S Lincoln; K/S Chesterfield; K/S Quayside; K/S Wellingborough v CB Richard Ellis Hotels Ltd _h[electronic resource] |
| 260 | _c2010 | ||
| 520 | _a[2010] EWHC 1156 (TCC) 24 May 2010. Concerned with valuers' predictions on rental growth noted in valuation reports for four hotels and allegations that the valuations were too high and outside any permissible bracket or margin of error. "Held." Claim for negligence dismissed on grounds that valuation was within permissible 10% margin of error. | ||
| 590 | _aKA | ||
| 650 | 2 | 4 | _aK/S LINCOLN AND OTHERS V CB RICHARD ELLIS HOTELS LTD |
| 651 | 4 |
_aUnited Kingdom _y |
|
| 690 | _aPROPERTY-PROPERTY APPRAISAL AND VALUATION | ||
| 690 | _aMANAGEMENT-BUSINESS MANAGEMENT-PROFESSIONAL PRACTICE-NEGLIGENCE | ||
| 856 | 4 | 8 |
_uhttps://www.www.bailii.org/ew/cases/EWHC/TCC/2010/1156.html _zView this item free of charge at www.bailii.org |
| 942 | _n0 | ||
| 999 |
_c82488 _d82488 |
||